| 000 | 00751nam a2200265Ia 4500 | ||
|---|---|---|---|
| 003 | OSt | ||
| 005 | 20221007111841.0 | ||
| 006 | a|||||r|||| 00| 0 | ||
| 007 | ta | ||
| 008 | 221006b |||||||| |||| 00| 0 eng d | ||
| 020 | _a 9788171945399 (Vol. 2) | ||
| 020 | _a9788171945382 (Vol. 1); 9788171945399 (Vol. 2); 9788171945405 (Vol. 3) | ||
| 024 | _a24,413 | ||
| 037 | _cTextual | ||
| 040 |
_aLCO _cLCO _beng |
||
| 041 |
_2eng _aeng |
||
| 082 | _aZ2,181y8, P9 | ||
| 245 | 0 | _aCompany Law Digest (1913 - 2009).3V | |
| 260 |
_aNew _bDelhi Taxmann Publications (P.) Ltd. India _c2009 |
||
| 300 | _a5366 | ||
| 490 | _vVol.- 1II | ||
| 650 | _aCOMPANY | ||
| 942 |
_hZ2,181y8, P9 _cTEXL |
||
| 999 |
_c1193976 _d1193976 |
||